Statistics for Premier League Players By Letter - J

Click here to take the quiz!

General Stats

  • This quiz has been taken 59 times
  • The average score is 9 of 14

Answer Stats

First Name Surname Club % Correct
PhilJonesManchester United
100%
AdamJohnsonSunderland
92%
PhilJagielkaEverton
84%
CarlJenkinsonWest Ham
71%
CameronJeromeNorwich City
61%
MattyJamesLeicester City
59%
DarylJanmaatNewcastle United
59%
MileJedinakCrystal Palace
59%
NikicaJelavicWest Ham
59%
MattJarvisNorwich City
51%
---JoseluStoke City
33%
JoséJuradoWatford
25%
JuanmiJiménezSouthampton
18%

Score Distribution

Percentile by Number Answered

Percent of People with Each Score

Your Score History

You have not taken this quiz